000 02903njm a2200577 i 4500
001 196119
003 ES-MaACL
005 20250905063059.0
007 sd*fsngnnmmned
008 240209e2007 sp op|||rd / | fre
015 _aSON07
017 _aM 35014-2007
_bOficina Depósito Legal Madrid
020 _a978-84-96832-81-7
035 _a(OCoLC)431114269
035 _a(SpMaBN)a4580576
040 _aSpMaBN
_bspa
_cSpMaBN
_erdc
100 1 _aGounod, Charles,
_d1818-1893
_ecmt
_9240526
240 1 0 _aRoméo et Juliette
245 1 0 _aRoméo et Juliette
_h[Grabación sonora] /
_cGounod ; libreto de Jules Barbier y Michel Carré
260 _aMadrid :
_bPrisa Innova,
_c[2007]
300 _a2 CD +
_e1 libro (74 páginas)
336 _2rdacontent
_amúsica (interpretada)
337 _2rdamedia
_aaudio
338 _2rdacarrier
_avolumen
490 1 _aLos clásicos de la ópera, 400 años ;
_v36
511 1 _aRaoul Jobin, Janine Micheau, Odette Ricquier, Heinz Rehfuss, Charles Cambon, Louis Rialland, Pierre Mollet, André Phillippe, Claudine Collart, Camille Roquetty ; Coro y Orquesta del Teatro Nacional de la Ópera de París ; Alberto Erede, director musical
518 _aGrabado en la Maison de la Mutualité de París en junio de 1953
520 _aWilliam Shakespeare ha sido siempre un manantial inagotable para los compositores. La historia de los dos jóvenes amantes de Verona ha servido a la música en unas cuantas ocasiones. CHarles Gounod, uno de los máximos representantes de la ópera romántica francesa, se sintió también atraído por el tema y escribió una obra llena de equilibrio y sensualidad, de una irresistible belleza melódica.
541 _cSocio
650 7 _aÓperas
_2embne
_915717
655 7 _aLibretos
_2
_9242219
700 1 _aBarbier, Jules,
_d1822-1901.
_tRoméo et Juliette. Español-Francés
_elbt
_9238347
700 1 _aCarré, Michel,
_d1819-1872
_elbt
_9237915
700 1 _aJobin, Raoul,
_d1906-1974
_eprf
_9238348
700 1 _aMicheau, Janine,
_d1914-1976
_eprf
_9238349
700 1 _aRicquier, Odette
_eprf
_9238350
700 1 _aRehfuss, Heinz,
_d1917-1988
_eprf
_9238351
700 1 _aCambon, Charles
_eprf
_9238352
700 1 _aRialland, Louis
_eprf
_9238353
700 1 _aMollet, Pierre,
_d1920-2007
_eprf
_9238354
700 1 _aPhillippe, André
_eprf
_9240706
700 1 _aCollart, Claudine
_eprf
_9240707
700 1 _aRoquetty, Camille
_eprf
_9240708
700 1 _aErede, Alberto,
_d1908-2001
_emsd
_9238318
710 2 _aOpéra national de Paris.
_bChoeur
_9238355
_eisb
710 2 _aOpéra national de Paris.
_bOrchestre
_eisb
_9238356
830 4 _9235583
_aLos clásicos de la ópera, 400 años ;
_v36
852 _aES-MaACL
942 _2udc
_cMONOGRAFIA
_n0
999 _c196119
_d196119